| 000 | 00484cab a22001695a 4500 | ||
|---|---|---|---|
| 001 | L158652 | ||
| 008 | 150526e2015 xxk 000 0 eng d | ||
| 035 | _a(Sirsi) u158652 | ||
| 041 | 0 | _aeng | |
| 100 | 1 | _aKlaschka, Robert | |
| 245 | 0 | 0 | _aBuild your BIM strategy |
| 490 |
_aConstruction News _v(7402) 22 May 2015, 32-33 (2) |
||
| 520 | _aAn exploration on how to maximise the potential of BIM for a business | ||
| 651 | 4 |
_aUnited Kingdom _y |
|
| 690 | _aCONSTRUCTION | ||
| 942 | _n0 | ||
| 999 |
_c84648 _d84648 |
||